Hailbury Investments Ltd v Westminster City Council (Record no. 1529)
[ view plain ]
| 000 -LEADER | |
|---|---|
| fixed length control field | 01509cab a2200193 4500 |
| 001 - CONTROL NUMBER | |
| control field | ABS37146 |
| 008 - FIXED-LENGTH DATA ELEMENTS--GENERAL INFORMATION | |
| fixed length control field | 090401t1986 xxu||||| |||| 00| 0 eng d |
| 035 ## - SYSTEM CONTROL NUMBER | |
| System control number | (Sirsi) u2541 |
| 041 ## - LANGUAGE CODE | |
| Language code of text/sound track or separate title | eng |
| 245 ## - TITLE STATEMENT | |
| Title | Hailbury Investments Ltd v Westminster City Council |
| 260 ## - PUBLICATION, DISTRIBUTION, ETC. | |
| Date of publication, distribution, etc. | 1986 |
| 350 ## - PRICE (NR) (BK AM CF MU VM SE) [OBSOLETE] | |
| Price | 0 |
| 490 ## - SERIES STATEMENT | |
| Series statement | Weekly Law Reports |
| Volume/sequential designation | (1986) 1 WLR 1232(15) |
| 520 ## - SUMMARY, ETC. | |
| Summary, etc. | HL 16 October 1986. Appeal by plaintiff company against previous decision allowing defendant rating authority`s appeal regarding the rating of the company`s unoccupied buildings described in the valuation list as "offices" but prevented from being so used by planning conditions . The rating authority contended that they were still the same hereditaments as those in the list and so the company was liable to pay rates on the premises as unoccupied properties under the General Rate Act 1967, Sched 1 Para 1 (1) . The company claimed exemption under Sched 1 Para 2. The company contended that the description of a hereditament shown in the valuation list was an essential element in the identity of that hereditament and so it followed that occupation of the physical entity described as offices in the list for any purpose other than as offices, was the occupation of a different hereditament. Therefore before any liability to pay rates in respect of that new and different hereditament could ar |
| 650 ## - SUBJECT ADDED ENTRY--TOPICAL TERM | |
| Topical term or geographic name entry element | GENERAL RATE ACT 1967 SCHED 1 PARA 2 A AND B |
| 690 ## - LOCAL SUBJECT ADDED ENTRY--TOPICAL TERM (OCLC, RLIN) | |
| Topical term or geographic name as entry element | RATING AND VALUATION-CASE LAW |
| 942 ## - ADDED ENTRY ELEMENTS (KOHA) | |
| Suppress in OPAC | 0 |
| 948 ## - LOCAL PROCESSING INFORMATION (OCLC); SERIES PART DESIGNATOR (RLIN) | |
| c (OCLC) | 04/03/1997 |
| Withdrawn status | Lost status | Source of classification or shelving scheme | Damaged status | Not for loan | Home library | Current library | Shelving location | Date acquired | Total Checkouts | Full call number | Barcode | Date last seen | Copy number | Price effective from | Koha item type |
|---|---|---|---|---|---|---|---|---|---|---|---|---|---|---|---|
| Dewey Decimal Classification | London | London | Journal article | 14/09/1999 | ABS37146 | 2541-1001 | 06/08/2019 | 1 | 06/08/2019 | Law report |